Statistics for Rivers by Picture

Click here to take the quiz!

General Stats

  • This quiz has been taken 16 times
  • The average score is 6 of 9

Answer Stats

Answer% Correct
Amazon
100%
Nile
100%
Colorado
73%
Rhine
73%
Thames
73%
Seine
64%
Mississippi
55%
Cam
36%
Congo
36%

Score Distribution

Percentile by Number Answered

Percent of People with Each Score

Your Score History

You have not taken this quiz